Quizzes
Events
Quiz Creation
Community
Videos
Private Events
Remove Ads
Sign In
Join for FREE
Feedback
Dark Mode
Quiz Categories
Sports
Geography
Music
Movies
Television
Just For Fun
Miscellaneous
History
Literature
Language
Science
Gaming
Entertainment
Religion
Holiday
For Kids
Quiz Lab
Recent
Popular Today
Quiz Kudos Today
Editor Picks
Curator Picks
Quizzes by...
Day
Popularity
Type
Ratings
Length
Year
Community
Subscriptions
Recent Discussions
Orange Saloon
Badges
Playlists
Quests
Create
Leaderboards
Showdown
Live 5
Trivia Bingo
Activity
Puzzle Library
Sporcle Events
Private Events
Virtual Trivia
Globe League
Become a Host
Pub Owners
SporcleCon
Opinionation
Our Games
Videos
Blog
Mobile Apps
Partnerships
Remove Ads and Go Orange
Feedback
Sports
Athletes
MLB
NBA
NHL
NFL
Soccer
Sports Teams
WWE
NCAA
Football
Premier League
Basketball
Baseball
Hockey
Golf
Tennis
Cricket
Rugby
Auto Racing
Olympics
World Cup
Sports
Athletes
MLB
NBA
NHL
NFL
Soccer
Sports Teams
WWE
NCAA
Football
Premier League
Basketball
Baseball
Hockey
Golf
Tennis
Cricket
Rugby
Auto Racing
Olympics
World Cup
Random Quiz
Search Sporcle
×
Quiz Lab
Quiz Lab
Sports
MLB
Type in answers that appear in a list
Type in answers that appear in a list
Classic
Best Score? Go Orange.
MLB - 1982 NL All-Stars Stats
Can you name the 1982 NL All-Stars?
By
jaysee
5m
28 Questions
391 Plays
391 Plays
391 Plays
Comments
Comments
Give Quiz Kudos
Give Quiz Kudos
-
- Ratings
hide this ad
Replay
Link that replays current quiz
Next Quiz
Link to next quiz in quiz playlist
You Got
0%
They Got
Avg Score
67%
Avg Friend Score
Upgrade to see
Score Distribution
Jump to the score distribution portion of the page
Score
0/28
Timer
05:00
0
Plays Today
Position
Player
% Correct
Starting Catcher
Gary Carter
98.5%
Starting 3rd Baseman
Mike Schmidt
98%
Starting Center Fielder
Andre Dawson
96.2%
Starting Right Fielder
Dale Murphy
94.9%
Pitcher
Steve Carlton
93.4%
Shortstop
Ozzie Smith
92.8%
Left Fielder
Lonnie Smith
92.8%
Starting Shortstop
Dave Concepcion
90.3%
Pitcher
Fernando Valenzuela
88.2%
Starting 1st Baseman
Pete Rose
86.7%
Starting Left Fielder
Tim Raines
86.4%
2nd Baseman
Steve Sax
77.5%
Starting Pitcher
Steve Rogers
77.2%
Pitcher
Phil Niekro
71.6%
Position
Player
% Correct
Starting 2nd Baseman
Manny Trillo
68%
Pitcher
Mario Soto
65%
3rd Baseman
Bob Horner
64.7%
Catcher
Tony Pena
64.5%
1st Baseman
Al Oliver
60.6%
Left Fielder
Dusty Baker
55.5%
Catcher
John Stearns
49.1%
Pitcher
Steve Howe
45.5%
1st Baseman
Jason Thompson
45%
Right Fielder
Leon Durham
42.2%
Center Fielder
Ruppert Jones
27.6%
Pitcher
Tom Hume
24.8%
Pitcher
Greg Minton
24.6%
1st Baseman
Ray Knight
14.1%
Quiz Playlist
Details
Report
Send in Message
Add To Playlist
Classic:
Type in answers that appear in a list
Quiz Source
Last Updated: Feb 16, 2017
Quiz Scoreboard
CHALLENGE
Sign Up to Join the Scoreboard
Show All
Scores
Hide
Comments
May contain spoilers
Recently Published
Presidents Visiting Landmarks
by Hejman
History
7m
An Introduction to Baseball
by treessimontrees
Sports
5m
Movies - When Are They Set?
by FPL_Elf
Movies
5m
More to Explore
Quiz From the Vault
Featured Blog Post
Where Did the Easter Bunny Come From?
hide this ad
You Might Also Like...
Tags
Baseball Quiz
MLB Quiz
1982
All-Star
National League
Today's Top Quizzes in Sports
Browse Sports
hide this ad
Today's Top Quizzes in MLB
Browse MLB
Top Contributed Quizzes in Sports
1
Les meilleurs buteurs des matchs entre le PSG et l’OM
2
2022 World Cup Stars
3
FIFA Club World Cup Champions
4
Les entraîneurs de l'OM et du PSG au 21e siècle
5
Name the Premier League winners with different clubs
6
La finale Lions - Afrique du Sud 2021
7
England Test cricketers to play under Nasser Hussain
8
5-to-1: UK Sports Teams
9
Les joueurs passés par le LOSC et le RC Lens
10
Criteria MLB: Left Handed Sluggers
Explore More
Trending Topics
Marvel
Disney
Crossword
Kpop
Harry Potter
Anime
NBA
Song
WWE
Soccer
NFL
The Office
Country
Pokémon
Puzzle
hide this ad
More By:
jaysee
Quiz
Plays
Rating
Category
Featured
Created
NBA All-Stars by Current Team
968,734
4.20
Sports
Feb 2, 2011
MLB Most Seasons with 20+ HR
57,083
4.50
Sports
Oct 8, 2013
Three-Word Bands Slot Machine III
37,061
4.32
Music
Nov 29, 2010
MLB - Opening Day All-Star Lineups
14,066
4.81
Sports
Dec 3, 2013
NFL - Top 5 Career Rushing Yards Per Draft
12,842
4.76
Sports
Nov 2, 2012
Go to Creator's Profile
Score Distribution
Quiz Creator Spotlight
jaysee
Follow
Send a Message
Quizzes Created
-
Created Quiz Play Count
-
More By This Creator
Popular Quizzes Today
1
Find the US States - No Outlines Minefield
2
Find the Countries of Europe - No Outlines Minefield
3
The Countries of the World
4
Popular People in 1961
5
Find the US States
6
US States
7
Risky Map Clicking: Biggest States A-Z
8
1-10 Letter E Words III
More Sports Quizzes
MLB MVP Reveal (1980-1999) V
Quiz Lab
Trending Quizzes
Risky Map Clicking: Least Populous States A-Z
1-10 Letter G Words
1-10 Letter F Words
One Thing in Common: United Kingdom
Risky Map Clicking: Next State Alphabetically
Recently Updated
Leaping Animals
pecheneg
Reality TV Shows (A-Z)
bhenderson79
Rickey Henderson's Hall of Fame Teammates
pecheneg
Champions League XIs: Arsenal
pecheneg
Quick Pick: Celebrities in WWE's Hall of Fame
aduchscher
A-Z Keypad Blitz II
pecheneg
Multiple Oscar Actors
pecheneg
Mystery Phrase Blitz: Oscar 'Best Actors'
pecheneg
F. Scott Fitzgerald Novels
LTH
Pick 3 Villains
ddd62291
Trending Topics
Kpop
Harry Potter
Disney
Marvel
Crossword
Anime
NBA
Song
Country
Puzzle
WWE
NFL
Soccer
The Office
Pokémon
Your Account Isn't Verified!
In order to create a playlist on Sporcle, you need to verify the email address you used during registration. Go to your
Sporcle Settings
to finish the process.
Report this User
Report this user for behavior that violates our
Community Guidelines
.
Details:
Send Report
Go to the Sporcle.com Mobile Site →
Comments